Thiết kế tối ưu
Salvato in:
| Autore principale: | |
|---|---|
| Natura: | Libro |
| Pubblicazione: |
Xây dựng
2003
|
| Tags: |
Aggiungi Tag
Nessun Tag, puoi essere il primo ad aggiungerne! !
|
| Thư viện lưu trữ: | Mạng thư viện Đại học Đà Nẵng |
|---|
| LEADER | 00554nam a2200229 a 4500 | ||
|---|---|---|---|
| 001 | 000030052 | ||
| 003 | 16912 | ||
| 005 | 20171030145630.0 | ||
| 008 | 171030s2003 | ||
| 020 | |c 28000 | ||
| 040 | |a LTT | ||
| 082 | 0 | |a 519.3 |b NG-T | |
| 100 | 1 | |a Nguyễn Viết Trung, PGS.TS | |
| 245 | 0 | 0 | |a Thiết kế tối ưu |c Nguyễn Viết Trung. |
| 260 | |b Xây dựng |c 2003 | ||
| OWN | |a LTT | ||
| 999 | |a From the UDN01 | ||
| TYP | |a Monograph | ||
| TYP | |a Printed language | ||
| 980 | |a Mạng thư viện Đại học Đà Nẵng | ||